• 首页
  • 本馆介绍
  • 公告通知
  • 最新文献
  • 馆藏检索
  • 电子资源
  • 读者导购
  • 参考咨询
  • 我的图书馆
  • 登录
  • 详细信息显示
  • 放入我的书架
  • 预约/预借图书
  • 作者相关作品
  • 分类相关作品
  • 丛书相关作品
  • 出版社相关作品

书目信息

  • 表格格式
  • 工作单格式
  • 卡片格式
题名:
托儿所幼儿园保健工作
    
 
作者: ;北京市儿童保健所 主编
分册:  
出版信息: 北京   人民卫生出版社  1977
页数: 121页
开本: 19cm
丛书名:
单 册:
中图分类: R175
科图分类:
主题词: 托儿所-卫生 , 幼儿园-卫生
电子资源:
ISBN:
000 00650nam0 2200229 45
001 0177001760
005 20060810145352.37
010    @dCNY0.23
100    @a19951005d1977 em y0chiy0121 ea
101 0  @achi
102    @aCN@b110000
105    @ay z 000yy
200 10 @a托儿所幼儿园保健工作@Atuo er suo you er yuan bao jian gong zuo@f北京市儿童保健所主编
210    @a北京@c人民卫生出版社@d1977
215    @a121页@d19cm
606    @a托儿所-卫生
606    @a幼儿园-卫生
690    @aR175@v3
711 02 @a北京市儿童保健所@Abei jing shi er tong bao jian suo@4主编
801  2 @aCN@bNLC@c20060810
801  0 @aCN@bTSSF
905    @a10447@dR175@e89
    
    托儿所幼儿园保健工作/北京市儿童保健所主编.-北京:人民卫生出版社,1977
    121页;19cm
    
    
    ISBN :CNY0.23
    
●
相关链接 在E读中查询图书 在五车中查询图书 在当当中查询图书 在豆瓣中查询图书


正题名:托儿所幼儿园保健工作     索取号:R175/89         预约/预借

序号 登录号 条形码 馆藏地/架位号 状态 备注
1 0452158   204521589   密集书库/ [索取号:R175/89] 在馆    
唐山师范学院图书馆 欢迎您!
大连网信软件有限公司© 版权所有